000 00766nam a2200217 a 4500
001 000001420
005 20250714091948.0
008 770712s1969 ve b 000 0 spa
040 _aDO-SdBNP
_bspa
_cBNPHU
082 _a335
_bG212g
100 1 _aGaraudy, Roger.
_94728
240 1 3 _aLe grand tournant du socialisme.
_lEspañol
245 1 3 _aEl gran viraje del socialismo /
_cRoger Garaudy; traductor, Marciano Sadornil.
260 _aCaracas :
_bTiempo Nuevo,
_c1969.
300 _a329 p. ;
_c18 cm.
490 1 _aLibros de Bolsillo de Tiempo Nuevo;
_vno. 5
534 _aTítulo original:
_tLe grand tournant du socialisme.
650 0 _aSocialismo
_9287
700 1 _aSadornil, Marciano ;
_etr.
_94729
830 0 _aLibros de Bolsillo de Tiempo Nuevo ;
_vno. 5
_94730
999 _c1337
_d1337